Świat według kiepskich quiz - Statystyki

Ogólne statystyki
  • Ten quiz został rozwiązany 335 razy
    109 od ostatniego zresetowania
  • Średni wynik to 12 z 13
Statystyki odpowiedzi
Hint Odpowiedź % Poprawnych
Żona głównego bohatera (imię) Halina
100%
Główny bohater świat według kiepskich (imię) Ferdynand
99%
Ich sąsiad mieszkający na górze (nazwisko) Boczek
98%
Ich nazwisko Paździoch
98%
Ich syn Waldemar
98%
Ich nazwisko Kiepscy
96%
Ich sąsiad mieszkający na tym samym piętrze Marian
94%
Gdzie mieszkają jakie miasto Wrocław
94%
Ich córka Mariola
93%
Jego żona Helena
92%
Ulica Ćwiartki 3/4
81%
Nazwisko bezdomnego kolegi głównego bohatera Badura
80%
Nazwisko kobiety która prowadziła sklep Malinowska
76%
Nie znaleziono quizów pasujących do podanych kryteriów
Rozkład punktacji
Procent ludzi z każdym wynikiem
Percentyl według liczby udzielonych odpowiedzi
Twoja historia wyników
Nie rozwiązałeś tego quizu od ostatniego zresetowania